000 00471nam a2200145 4500
999 _c513601
_d513601
008 200313b ||||| |||| 00| 0 eng d
100 _aMahlakeng, M.K.
_916759
245 _aA theoretical analysis of hydropolitics: Homer-Dixon's environmental scarcity theory and the regime theory
260 _bWorld Affairs
300 _a23(4), Oct-Dec, 2019: p.36-57.
650 _aHydropolitics
_916760
773 _aWorld Affairs
906 _aEnvironment
942 _2ddc
_cAR